00495nam a22001697a 450000500170000001000130001702000260003003500130005603500130006903700240008208200060010610000180011224500720013026000340020227000680023630000210030420170816112336.0 aBAC-CH25 a9780141346830c350.00 aG-003153 aB-665022 bBlue Berry/Venadpl aS aRiordan, Rick aPercy Jackson :cby Rick Riordanband the battle of the labyrinth / aNew DelhibPuffin Booksc2013 a11 Community Centre, Panchsheel ParkbNew Delhie10017 (India) a341p.c20cm(pbk)